000
00276nam a22001097a 4500
040
_c
SCME
100
_a
Post, Scott
_9
122594
245
_a
Applied and Computational Fluid Mechanics
260
_a
Sudbury, Mass.
_b
Jones and Bartlett
_c
2011
300
_a
524 p
942
_2
ddc
_c
BK
999
_c
609052
_d
609052